[Event "Klatovy op-B 24th"]
[Site "Klatovy"]
[Date "2018.07.04"]
[Round "5"]
[White "Masek, Jan"]
[Black "Kanka, Matej"]
[Result "1/2-1/2"]
[WhiteElo "1948"]
[BlackElo "1905"]
[PlyCount "63"]
[EventDate "2018.06.30"]
[EventType "swiss"]
[EventRounds "9"]
[EventCountry "CZE"]
[SourceTitle "CBM 185 Extra"]
[Source "ChessBase"]
[SourceDate "2018.07.29"]
[SourceVersion "1"]
[SourceVersionDate "2018.07.29"]
[SourceQuality "1"]

1. e4 e5 2. Nf3 Nc6 3. Bb5 Nf6 4. 0-0 Nxe4 5. d4 Be7 6. Re1 Nd6 7. Ba4 exd4 8. Qe2 b5 9. Bb3 0-0 10. Nxd4 Nxd4 11. Qxe7 Qxe7 12. Rxe7 Ne6 13. g4 Rd8 14. Bxe6 fxe6 15. Bg5 Bb7 16. f4 h6 17. Bh4 g5 18. fxg5 Nc8 19. Rg7+ Kxg7 20. gxh6+ Kxh6 21. Bxd8 c5 22. Nc3 a6 23. Rf1 Nd6 24. Be7 Ne4 25. Nxe4 Bxe4 26. Bxc5 Bxc2 27. Rf7 Kg5 28. h3 d5 29. Bd4 Rc8 30. Be5 Be4 31. Rf2 Rc1+ 32. Rf1 1/2-1/2

[Event "Klatovy op-B 24th"]
[Site "Klatovy"]
[Date "2018.07.01"]
[Round "2"]
[White "Kanka, Matej"]
[Black "Mykiska, Vojtech"]
[Result "1-0"]
[WhiteElo "1905"]
[BlackElo "1576"]
[PlyCount "95"]
[EventDate "2018.06.30"]
[EventType "swiss"]
[EventRounds "9"]
[EventCountry "CZE"]
[SourceTitle "CBM 185 Extra"]
[Source "ChessBase"]
[SourceDate "2018.07.29"]
[SourceVersion "1"]
[SourceVersionDate "2018.07.29"]
[SourceQuality "1"]

1. Nf3 d5 2. d4 Bf5 3. e3 e6 4. Bd3 Bg6 5. 0-0 Bd6 6. Qe2 Nd7 7. Nbd2 c5 8. c3 Ngf6 9. e4 dxe4 10. Nxe4 Nxe4 11. Bxe4 Bxe4 12. Qxe4 Qc7 13. d5 Nf6 14. Qa4+ Qd7 15. Qxd7+ Kxd7 16. dxe6+ fxe6 17. Re1 Rhf8 18. c4 Rae8 19. h3 e5 20. Be3 h6 21. Rad1 Kc6 22. Nh4 Nd7 23. g4 Rf6 24. Nf5 Bf8 25. Kg2 Nb6 26. b3 Nc8 27. Rd5 b6 28. Bf4 g6 29. Rdxe5 Rxe5 30. Bxe5 Re6 31. Ng3 Bd6 32. Bc3 Rxe1 33. Bxe1 Be5 34. Bd2 g5 35. Nf5 Nd6 36. Nxh6 Ne4 37. Bc1 b5 38. Nf7 Bf4 39. Bxf4 gxf4 40. cxb5+ Kxb5 41. g5 Kb4 42. Kf3 Nc3 43. g6 Nd5 44. g7 Ne7 45. Ke4 Ka3 46. Kd3 Kxa2 47. Kc4 a5 48. h4 1-0

[Event "Klatovy op-B 24th"]
[Site "Klatovy"]
[Date "2018.06.30"]
[Round "1"]
[White "Soucek, Jan"]
[Black "Kanka, Matej"]
[Result "0-1"]
[WhiteElo "1440"]
[BlackElo "1905"]
[PlyCount "74"]
[EventDate "2018.06.30"]
[EventType "swiss"]
[EventRounds "9"]
[EventCountry "CZE"]
[SourceTitle "CBM 185 Extra"]
[Source "ChessBase"]
[SourceDate "2018.07.29"]
[SourceVersion "1"]
[SourceVersionDate "2018.07.29"]
[SourceQuality "1"]

1. e4 d6 2. d4 Nf6 3. Bd3 g6 4. c4 Bg7 5. Nc3 0-0 6. Nge2 Nbd7 7. 0-0 e5 8. d5 Nc5 9. Bc2 a5 10. f4 exf4 11. Bxf4 Re8 12. Ng3 Qe7 13. Rb1 Ng4 14. h3 Ne5 15. Qe2 b6 16. Rf2 Ba6 17. Bb3 Ned3 18. Rf3 Nxf4 19. Rxf4 Bd4+ 20. Kh1 Be5 21. Rf3 Bxg3 22. Rxg3 Nxe4 23. Nxe4 Qxe4 24. Qf1 a4 25. Bxa4 Bxc4 26. Qd1 Rxa4 27. Rg4 Qd3 28. Qxa4 Qxb1+ 29. Kh2 b5 30. Qa7 Qxa2 31. Qxc7 Qxb2 32. Rg3 Qe5 33. Qd7 Re7 34. Qd8+ Kg7 35. Kh1 Qxg3 36. Qxe7 Qe5 37. Qh4 Bxd5 0-1

[Event "Kouty nad Desnou op-A"]
[Site "Kouty nad Desnou"]
[Date "2017.03.13"]
[Round "3"]
[White "Pycha, Patrik"]
[Black "Kanka, Matej"]
[Result "1-0"]
[WhiteElo "2035"]
[BlackElo "1742"]
[PlyCount "45"]
[EventDate "2017.03.11"]
[EventType "swiss"]
[EventRounds "9"]
[EventCountry "CZE"]
[SourceTitle "CBM 177 Extra"]
[Source "ChessBase"]
[SourceDate "2017.04.27"]
[SourceVersion "1"]
[SourceVersionDate "2017.04.27"]
[SourceQuality "1"]

1. e4 e5 2. Nf3 Nc6 3. Bc4 Bc5 4. c3 Nf6 5. d3 d6 6. Nbd2 Bb6 7. Bb3 a6 8. Nc4 Ba7 9. Bg5 Be6 10. Ne3 h6 11. Bh4 Bxb3 12. Qxb3 Na5 13. Qc2 Bxe3 14. fxe3 0-0 15. 0-0 Nc6 16. Rf2 Nb8 17. Bxf6 Qxf6 18. Nd4 Qg5 19. Nf5 Nd7 20. Rf3 g6 21. Rg3 Qd8 22. Nxh6+ Kg7 23. Nf5+ 1-0